000 01151nam0a22002771 4500
001 rc\4591843
005 20130416192634.1
021 _aRU
_b[66-9727]
035 _a(NLR Aleph) 008661933
090 _a9066765
_c9066765
100 _a20130416d1965 |||y0rusy50 ca
101 0 _arus
102 _aRU
105 _aa z |||||
200 1 _aМетоды охраны водных ресурсов от загрязнений
_e[Сборник статей
_fРед. инж. К.А. Черноскутов]
_gВсесоюз. совет науч.-техн. обществ. Ком. по использованию и охране водных ресурсов
210 _aМосква
_cБ. и.
_d1965
215 _a62 с.
_cил.
_d21
606 _aСточные воды
_xОчистка
_jСборники
_2psbo
606 _aВодоемы
_xСанитарная охрана
_jСборники
_2psbo
702 1 _aЧерноскутов
_bК. А.
_4340
712 0 2 _aВсесоюзный совет науч.-техн. обществ
801 0 _aRU
_bNLR
_gpsbo
801 1 _aRU
_bELAR
_2rusmarc
852 _aNLR
_j66-6/1391
942 _cBOOK
980 _aNB